| 000 | 00915cam a22002653u 4500 | ||
|---|---|---|---|
| 001 | 007769211 | ||
| 005 | 20140302112921.0 | ||
| 008 | 860428t1987 xxua grb 001 0 eng d | ||
| 020 | _a0070565813 | ||
| 040 |
_aUk _cUk |
||
| 082 | 0 |
_a384.068 _222 _bSHE |
|
| 100 | 1 |
_aSherman, Barry L. _935041 |
|
| 245 | 1 | 0 |
_aTelecommunications management : _bthe broadcast & cable industries / _cBarry L. Sherman. |
| 260 |
_aNew York, United States : _bMcGraw-Hill Book Company, _cc.1987. |
||
| 300 |
_axxi, 417 p. : _bill. ; _c25 cm. |
||
| 490 | 0 | _aMcGraw-Hill series in mass communication | |
| 500 | _aIndex : p. 405-417. | ||
| 504 | _aIncludes bibliographical reference. | ||
| 650 | 0 |
_aBroadcasting _xManagement _935042 |
|
| 650 | 0 |
_aCable television _xManagement _935043 |
|
| 650 | 0 |
_aTelecommunication _xManagement _94986 |
|
| 653 |
_bENGGEN _cFebruary2014 |
||
| 655 |
_vreading book _934232 |
||
| 942 |
_2ddc _k384.068 SHE |
||
| 999 |
_c18015 _d17987 |
||